Urban Agglomeration - Letter R - Statistics

General Stats
  • This quiz has been taken 28 times
  • The average score is 4 of 5
Answer Stats
Second Letter Answer % Correct
I Rio de Janeiro | Riyadh | Richmond
100%
A Rawalpindi | Rabat | Raleigh
92%
O Rotterdam | Rome | Rosario | Rostov-on-Don
88%
E Recife
54%
H Rhine-Ruhr Area
21%
No matching quizzes found
Score Distribution
Percent of People with Each Score
Percentile by Number Answered
Your Score History
You have not taken this quiz